000 00351nam a2200145Ia 4500
008 150201s1992 xx 000 0 und d
082 _a617.7
_bR92N
100 _aNEMA, H.V.
245 _aRECENT ADVANCES IN OPHTHALMOLOGY-1
250 _a1ST
260 _bJAYPEE BROTHERS
_aDELHI
_c1992
300 _a1-242
650 _aOPHTHALMOLOGY
942 _2ddc
_cBK
999 _c113
_d113